Statistics for US Political Parties

Click here to take the quiz!

General Stats

  • This quiz has been taken 64 times
  • The average score is 7 of 35

Answer Stats

HintAnswer% Correct
1828Democratic Party
98%
1854Republican Party
98%
1991Green Party
80%
1971Libertarian Party
76%
1919Communist Party USA
48%
1992Constitution Party
43%
1995Reform Party
41%
1869Prohibition Party
24%
1938Socialist Workers Party
22%
1967Peace and Freedom Party
20%
2011Justice Party
11%
2008Modern Whig Party
11%
2004Party for Socialism and Liberation
11%
2010American Freedom Party
9%
1959Workers World Party
9%
2002America First Party
7%
2006Pirate Party
7%
1986Socialist Alternative
7%
1973Socialist Party USA
7%
2008America's Party
4%
1996Christian Liberty Party
4%
1966Freedom Socialist Party
4%
1974National Socialist Movement
4%
2008Objectivist Party
4%
1983Socialist Action
4%
2009American Populist Party
2%
1998Independent American Party
2%
1966Socialist Equality Party
2%
2002United States Marijuana Party
2%
1983United States Pacifist Party
2%
2008American Conservative Party
0%
2011Americans Elect
0%
2004Citizens Party of the US
0%
2010Personal Freedom Party
0%
2004Unity Party of America
0%

Score Distribution

Percentile by Number Answered

Percent of People with Each Score

Your Score History

You have not taken this quiz